000 01020nam a2200253 a 4500
001 BRCA_1407
005 20190320203420.0
008 000801s1999----mx-a---###---#001-0#spa-c
020 _a9685025398 (Obra completa)
050 4 _aF1211
_b.P63 1999
100 1 _aPoblett, Martha
_94600
245 1 0 _aNarraciones chiapanecas
_cMartha Poblett.
260 _aTuxtla Gutiérrez, Chiapas
_bLibros de Chiapas
_c1999
300 _a2 v.
_bil.
_c23 cm.
440 0 _aHistoria e Historiografía
_94464
500 _aIncluye índice analítico e índice de ilustraciones
500 _aLa colección consta de 3 vol. pero en la biblioteca solo se tiene el v.1 y v.3.
505 0 _aContenido: v.1. Viajeros extranjeros en los siglos XVI-XIX. -- v.3 Viajeros extranjeros en Palenque, siglos XVIII XIX.
650 1 4 _aViajeros
_zMéxico
_94601
650 1 4 _aTuristas
_zMéxico
_94602
651 4 _aPalenque (Chiapas, México)
_xDescripción y viajes
_94603
651 4 _aChiapas (México)
_xDescripción y viajes
_94604
942 _2lcc
_cB
999 _c1269
_d1269